00339nam a2200133Ia 4500008004100000020001500041041001200056082001600068100001300084245005200097260003300149300000800182650001500190221030s9999 xx 000 0 und d a8174464174 aEnglish a105.23bSin aS. Singh 0aCorporate Governance Global Concepts & Practice bExcel BooksaNew Delhic2005 a538 aManagement